Arrow Quiz - Statistics

General Stats
  • This quiz has been taken 49 times
  • The average score is 10 of 15
Answer Stats
Question Answer % Correct
Who died in s4? Laurel Lance
100%
Who is the Arrow? Oliver Queen
87%
What's Oliver's sisters name? Thea Queen
87%
Who dated Olivers sister? Roy harper
84%
Who died in s1? Tommy Merlyn
84%
What was the name of the island? Lian Yu
82%
Who died in s2? Moira Queen
76%
What is the name of Ra's Al ghuls daughter? Nyssa
74%
Who was the villain in s2? Deathstroke
71%
Who died 3 times on the show? Sara Lance
68%
Whats Rene Ramirez vigilante name? Wild Dog
66%
What was Prometheus' fake name? Adrian Chase
61%
Whats Olivers middle name? Jonas
50%
Who did Oliver become during Crisis on infinite earths? Spectre
39%
What was the name of the organization that Emiko worked for? Ninth Circle
18%
No matching quizzes found
Score Distribution
Percent of People with Each Score
Percentile by Number Answered
Your Score History
You have not taken this quiz